Normal view
MARC view
- Rubab Rehman
Entry Personal Name
001 - CONTROL NUMBER
- control field: 133511
003 - CONTROL NUMBER IDENTIFIER
- control field: NUST
005 - DATE AND TIME OF LATEST TRANSACTION
- control field: 20260302105247.0
008 - FIXED-LENGTH DATA ELEMENTS
- fixed length control field: 260302|| aca||aabn | a|a d
040 ## - CATALOGING SOURCE
- Original cataloging agency: NUST
- Transcribing agency: NUST
100 ## - HEADING--PERSONAL NAME
- Personal name: Rubab Rehman
670 ## - SOURCE DATA FOUND
- Source citation: Work cat.: (NUST): Rubab Rehman, , Transfer Learning for Radio Channel Modeling in UAV-Based mmWave Radio Networks/
